| LEADER |
01211nam0a2200217 450 |
| 001 |
16867976 |
| 010 |
|
|
|a 2-203-00110-0
|b cart.
|d 11,5
|
| 100 |
|
|
|a 19940101d1979 u u0frey01 ba
|
| 101 |
0 |
|
|a fre
|
| 102 |
|
|
|a BE
|
| 200 |
0 |
|
|a Secret de La Licorne (Le)
|f Hergé
|
| 207 |
|
1 |
|a
|
| 210 |
|
|
|a Tournai (Belgique)
|b 28 Rue des Soeurs Noires.
|c Casterman
|d 1979
|
| 215 |
|
|
|a 1 vol. (62 p.)
|c illustrations en couleur
|d 31 x 23 cm
|
| 225 |
1 |
|
|a Tintin
|v 11
|
| 330 |
|
|
|a Dans cette aventure, Tintin accompagne le Capitaine Haddock sur les traces de son glorieux ancêtre, le chevalier François de Hadoque. Après avoir offert au Capitaine Haddock le modèle réduit d'un bateau qui se révèle être la réplique de celui de l'ancêtre du Capitaine, Tintin découvre dans le mât un parchemin mystérieux. C'est le début d'une folle course au trésor qui entraînera nos héros à la recherche d'autres indices afin de reconstituer une mystérieuse carte au trésor.
|
| 461 |
|
0 |
|t Le Secret de La Licorne
|v 01
|
| 700 |
|
0 |
|a Hergé
|f 1907-1983
|4 70
|
| 900 |
|
|
|a Bande Dessinée (enfants)
|
| 901 |
|
|
|a Jeunesse
|
| 995 |
|
|
|a Médiathèque
|c Médiathèque
|f 00156004626347
|h 00156004626347
|k BD TIN SEC 1
|o p
|q j
|r az
|e Médiathèque
|